| 000 | 00689nam a2200217 4500 | ||
|---|---|---|---|
| 005 | 20260610163914.0 | ||
| 010 | _aENG-148820 | ||
| 020 |
_c1495.00 _a9789393330826 |
||
| 035 | _aEN-132352 | ||
| 037 | _bDBAD | ||
| 082 |
_a618.4 _24 |
||
| 100 |
_aArulkumaran, Sabaratnam _916254 |
||
| 245 |
_aThe Management Labour/ _cSabaratnam Arulkumaran; Gita Arjun [and] Uma Ram |
||
| 250 | _a1 | ||
| 260 |
_aHyderabad _bUniversities Press (India) Pvt. Ltd. _c2025 |
||
| 270 |
_a3-6-747/A & 3-6-754/1, Himayatnagar _bHyderabad _e500029 |
||
| 300 |
_a547p. _c25cm(pb) |
||
| 700 |
_aGita Arjun _eAuthor _913754 |
||
| 700 |
_aUma Ram _eAuthor _989356 |
||
| 942 |
_2ddc _cEN _h618.4 _mARU |
||
| 999 |
_c216602 _d216602 |
||